[Event "Ostravský koník 2014 - FIDE Open B"]
[Site "Ostrava, CZE"]
[Date "2014.05.03"]
[Round "8"]
[White "Nguyen, Thai Dai Vinh"]
[Black "Ramian, Zdenek"]
[Result "1/2-1/2"]
[WhiteElo "1451"]
[BlackElo "1775"]
[PlyCount "90"]

1. d4 Nf6 2. Nc3 g6 3. e4 d6 4. Bg5 Bg7 5. f4 O-O 6. Qd2 c5 7. d5 Re8 8. Nf3
Qb6 9. Be2 Bg4 10. O-O Nbd7 11. Rae1 Qb4 12. Bb5 Red8 13. e5 Bxf3 14. gxf3 a6
15. exf6 exf6 16. Bxd7 fxg5 17. Bg4 gxf4 18. Rb1 Re8 19. Rfe1 Re5 20. a3 Qc4
21. Qd3 Qd4+ 22. Qxd4 Rxe1+ 23. Rxe1 Bxd4+ 24. Kg2 Be5 25. Bh3 b5 26. Ne4 Rd8
27. Nxc5 Bxb2 28. Nb7 Rb8 29. Nxd6 Bxa3 30. Ne4 f5 31. Ra1 Bb2 32. Rb1 Be5 33.
Nc5 Rc8 34. Nd7 Rxc2+ 35. Kg1 Bd6 36. Bf1 Kf7 37. Ra1 Ke7 38. Nb6 Bc5+ 39. Kh1
Bxb6 40. Rxa6 Bc7 41. Re6+ Kf7 42. Bxb5 Rd2 43. Be8+ Kf8 44. Bc6 Kf7 45. Be8+
Kf8 1/2-1/2

[Event "Ostravský koník 2014 - FIDE Open B"]
[Site "Ostrava, CZE"]
[Date "2014.05.03"]
[Round "8"]
[White "Vinklarek, Robert"]
[Black "Depta, Tomas"]
[Result "1/2-1/2"]
[WhiteElo "1752"]
[BlackElo "1888"]
[PlyCount "115"]

1. d4 f5 2. c4 Nf6 3. Nc3 g6 4. Nf3 Bg7 5. Bf4 O-O 6. e3 d6 7. h3 c6 8. Bd3 Qe8
9. Qb3 h6 10. c5+ d5 11. Ne5 Nbd7 12. Bh2 Nxe5 13. Bxe5 Kh7 14. f4 Ne4 15. Bxg7
Kxg7 16. Bxe4 fxe4 17. g4 Qf7 18. O-O-O Rg8 19. Qa4 a6 20. Ne2 Bd7 21. Qa5 Rgc8
22. Qb6 Qf6 23. Rdf1 Kh7 24. a4 e6 25. a5 Qd8 26. Qxd8 Rxd8 27. Kd1 Rg8 28. Ke1
Raf8 29. Rhg1 Kh8 30. h4 Rf7 31. Rg2 Kh7 32. Kf2 Rfg7 33. Kg3 Rf7 34. Kh2 Rgf8
35. Rgf2 Kg7 36. Nc3 Bc8 37. Na4 Kg8 38. Nb6 Bd7 39. Nxd7 Rxd7 40. f5 gxf5 41.
gxf5 Rg7 42. Kh3 exf5 43. Rxf5 Rxf5 44. Rxf5 Rg1 45. Rf6 Re1 46. Rg6+ Kf7 47.
Rg3 h5 48. b3 Rh1+ 49. Kg2 Rxh4 50. Rg5 Kf6 51. Re5 Rg4+ 52. Kf2 h4 53. Re8 Rg7
54. Rh8 Kg5 55. Kg1 Kg4 56. Kg2 Kf5+ 57. Kf2 Kg4 58. Kg2 1/2-1/2

[Event "Ostravský koník 2014 - FIDE Open B"]
[Site "Ostrava, CZE"]
[Date "2014.05.03"]
[Round "8"]
[White "Crha, Bretislav"]
[Black "Rychtecky, Pavel"]
[Result "1/2-1/2"]
[WhiteElo "1799"]
[BlackElo "1717"]
[PlyCount "46"]

1. e4 c5 2. Nf3 Nc6 3. d4 cxd4 4. Nxd4 Nf6 5. Nc3 d6 6. Be2 a6 7. O-O e6 8. Be3
Be7 9. Nxc6 bxc6 10. Bf3 e5 11. b3 O-O 12. Na4 Rb8 13. c4 Be6 14. Rc1 c5 15.
Nc3 Qa5 16. Bg5 Qc7 17. Bxf6 Bxf6 18. Bg4 Qd7 19. h3 g6 20. Qe2 Be7 21. Bf3 Kg7
22. Rcd1 Bg5 23. g4 Rfd8 1/2-1/2

[Event "Ostravský koník 2014 - FIDE Open B"]
[Site "Ostrava, CZE"]
[Date "2014.05.03"]
[Round "8"]
[White "Repak, Jan"]
[Black "safarik, Roman"]
[Result "1/2-1/2"]
[WhiteElo "1679"]
[BlackElo "1739"]
[PlyCount "73"]

1. Nf3 e6 2. g3 d5 3. c4 Nf6 4. Bg2 Be7 5. O-O O-O 6. d4 dxc4 7. Qa4 a6 8. Qxc4
b5 9. Qc2 Bb7 10. Nc3 c5 11. dxc5 Bxc5 12. a3 Nbd7 13. b4 Bb6 14. Bb2 Rc8 15.
Qd2 Qe7 16. Rfd1 Rfd8 17. Qe1 Nf8 18. e3 h6 19. Rac1 N8h7 20. Ne2 Ne4 21. Nfd4
Neg5 22. Nc6 Bxc6 23. Rxc6 Rxd1 24. Rxc8+ Rd8 25. Qc3 Nf6 26. Qc6 Kh7 27. Rxd8
Qxd8 28. Qc2+ Kg8 29. h4 Nge4 30. Bxe4 Nxe4 31. Qxe4 Qd1+ 32. Kg2 Qxe2 33. Qe5
Qg4 34. Qb8+ Kh7 35. Qxb6 Qe4+ 36. Kh2 Qc2 37. Bd4 1/2-1/2

[Event "Ostravský koník 2014 - FIDE Open B"]
[Site "Ostrava, CZE"]
[Date "2014.05.03"]
[Round "8"]
[White "Pindjak, Michal"]
[Black "Kaplita, Ladislav"]
[Result "1/2-1/2"]
[WhiteElo "1766"]
[BlackElo "1678"]
[PlyCount "39"]

1. e4 c6 2. Nc3 d5 3. exd5 cxd5 4. d4 Nf6 5. Nf3 Bf5 6. Bd3 Bxd3 7. Qxd3 a6 8.
O-O e6 9. Bg5 Be7 10. h3 O-O 11. g4 Nc6 12. Rae1 Qc7 13. Re2 Rac8 14. Rfe1 Rfe8
15. Bxf6 gxf6 16. Kg2 Kh8 17. Nh2 Rg8 18. Kh1 Rg6 19. Re3 Rcg8 20. a3 1/2-1/2

[Event "Ostravský koník 2014 - FIDE Open B"]
[Site "Ostrava, CZE"]
[Date "2014.05.03"]
[Round "8"]
[White "Romanek, Zdenek"]
[Black "Filip, Tomas"]
[Result "1/2-1/2"]
[WhiteElo "1671"]
[BlackElo "1608"]
[PlyCount "54"]

1. d4 d5 2. c4 c6 3. Nc3 Nf6 4. e3 Qc7 5. Nf3 Bf5 6. h3 e6 7. Nh4 Bg6 8. Nxg6
hxg6 9. Bd3 dxc4 10. Bxc4 Nbd7 11. Qf3 Bb4 12. Bd2 g5 13. O-O-O b5 14. Bxb5 O-O
15. Bxc6 Rab8 16. Bxd7 Nxd7 17. h4 g4 18. Qxg4 Nb6 19. Rh3 Rfc8 20. e4 Na4 21.
Bf4 Qb7 22. Kd2 Bxc3+ 23. bxc3 Qxe4 24. Re3 Rb2+ 25. Ke1 Qc2 26. Re2 Qxc3+ 27.
Bd2 Qd3 1/2-1/2

[Event "Ostravský koník 2014 - FIDE Open B"]
[Site "Ostrava, CZE"]
[Date "2014.05.03"]
[Round "8"]
[White "Klecka, Ivo"]
[Black "Alexandr, Petr"]
[Result "1-0"]
[WhiteElo "1756"]
[BlackElo "1666"]
[PlyCount "59"]

1. d4 b5 2. e4 a6 3. Bd3 Bb7 4. Nf3 Nf6 5. Nbd2 e6 6. O-O Be7 7. c3 c5 8. e5
Nd5 9. Ne4 c4 10. Bc2 f5 11. Ng3 O-O 12. Nh5 Qe8 13. Nf4 Nxf4 14. Bxf4 Qg6 15.
Re1 Qg4 16. Bd2 Bd5 17. Re3 Bg5 18. h3 Bxf3 19. Rxf3 Qh5 20. Bxg5 Qxg5 21. Rg3
Qh6 22. d5 Kh8 23. Qf3 Ra7 24. a4 Qd2 25. axb5 Qxc2 26. b6 Rb7 27. dxe6 Rxb6
28. e7 Re8 29. Qh5 g6 30. Qh6 1-0

[Event "Ostravský koník 2014 - FIDE Open B"]
[Site "Ostrava, CZE"]
[Date "2014.05.03"]
[Round "8"]
[White "Veselsky, Jan"]
[Black "Halacz, Martin"]
[Result "0-1"]
[WhiteElo "1655"]
[BlackElo "1000"]
[PlyCount "84"]

1. d4 f5 2. g3 Nf6 3. Bg2 d5 4. c4 e6 5. Nc3 c6 6. Nf3 Bb4 7. O-O O-O 8. a3 Be7
9. Ne5 Nbd7 10. Nxd7 Bxd7 11. cxd5 cxd5 12. Qb3 b5 13. Bf4 Qb6 14. Rfd1 Rac8
15. Rac1 Rc4 16. e3 Rfc8 17. Bf1 b4 18. Nxd5 exd5 19. Bxc4 dxc4 20. Rxc4 Rxc4
21. Qxc4+ Be6 22. d5 Nxd5 23. Rxd5 bxa3 24. bxa3 Qb1+ 25. Kg2 Qb7 26. e4 fxe4
27. Rd8+ Kf7 28. Rb8 Qxb8 29. Qxe6+ Kxe6 30. Bxb8 Bc5 31. Kf1 Kd5 32. Ke2 Kc4
33. Be5 Bxa3 34. Bxg7 Bc5 35. f4 exf3+ 36. Kxf3 a5 37. Ke2 a4 38. Kd2 a3 39. g4
Kb3 40. Kc1 a2 41. h4 Ba3+ 42. Kd2 Bb2 0-1

[Event "Ostravský koník 2014 - FIDE Open B"]
[Site "Ostrava, CZE"]
[Date "2014.05.03"]
[Round "8"]
[White "Kosar, Attila"]
[Black "Sumsal, Vaclav"]
[Result "1/2-1/2"]
[WhiteElo "1831"]
[BlackElo "1657"]
[PlyCount "20"]

1. e4 c6 2. Nf3 d5 3. exd5 cxd5 4. d4 Nc6 5. Bb5 Bd7 6. O-O e6 7. c3 Nf6 8. Bf4
Be7 9. Qd3 h6 10. Nbd2 Rc8 1/2-1/2

[Event "Ostravský koník 2014 - FIDE Open B"]
[Site "Ostrava, CZE"]
[Date "2014.05.03"]
[Round "8"]
[White "zidek, Daniel"]
[Black "Lamser, Tomas"]
[Result "0-1"]
[WhiteElo "1475"]
[BlackElo "1941"]
[PlyCount "54"]

1. d4 Nf6 2. c4 g6 3. Nc3 Bg7 4. Nf3 d6 5. Bf4 O-O 6. h3 c5 7. d5 Na6 8. e4 Nc7
9. Be2 a6 10. Qc2 b5 11. cxb5 axb5 12. Bxb5 Nxb5 13. Nxb5 Qa5+ 14. Nc3 Nxe4 15.
Bd2 Nxd2 16. Nxd2 Bf5 17. Qc1 Bd3 18. Nb3 Qb4 19. Qd2 Bxc3 20. bxc3 Qe4+ 21.
Qe3 Qxe3+ 22. fxe3 Bc4 23. O-O-O Rxa2 24. Nd2 Bxd5 25. e4 Bc6 26. Rhg1 Rb8 27.
Rde1 Ba4 0-1

[Event "Ostravský koník 2014 - FIDE Open B"]
[Site "Ostrava, CZE"]
[Date "2014.05.03"]
[Round "8"]
[White "Nytra, Ondrej"]
[Black "Kosar ml., Mikulas"]
[Result "1-0"]
[WhiteElo "1452"]
[BlackElo "1896"]
[PlyCount "102"]

1. e4 c5 2. Nc3 Nc6 3. g3 e6 4. d3 d5 5. Bg2 d4 6. Nce2 Nf6 7. f4 Be7 8. Nf3
Qc7 9. O-O b5 10. h3 Bb7 11. c3 Qb6 12. cxd4 cxd4 13. Kh1 a5 14. a4 b4 15. b3
O-O 16. g4 Bc5 17. Ng3 Nd7 18. g5 Ne7 19. h4 f5 20. e5 Nd5 21. Bd2 Nc3 22. Bxc3
bxc3 23. g6 h6 24. Nh5 Bd5 25. Rb1 Rab8 26. Qe2 Qc6 27. Kh2 Rb4 28. Ng3 Rfb8
29. Qc2 Rxb3 30. Rxb3 Rxb3 31. Nxd4 Bxd4 32. Qxb3 Bxb3 33. Bxc6 Nc5 34. Ne2 Be3
35. Nxc3 Bd2 36. Ne2 Bc2 37. Bb5 Be3 38. Rf3 Bd2 39. d4 Be4 40. Rg3 Nb7 41. Rb3
Bb4 42. Ba6 Nd8 43. Bc8 Kf8 44. Bd7 Ke7 45. Bb5 Bc2 46. Rb2 Be4 47. Kg3 Be1+
48. Kh3 Bb4 49. Ng3 Bf3 50. Rc2 Bg4+ 51. Kg2 Nc6 1-0

[Event "Ostravský koník 2014 - FIDE Open B"]
[Site "Ostrava, CZE"]
[Date "2014.05.03"]
[Round "8"]
[White "Badacova, Irena"]
[Black "Markova, Kristyna"]
[Result "1-0"]
[WhiteElo "1818"]
[BlackElo "1474"]
[PlyCount "49"]

1. e4 e5 2. Nc3 Nf6 3. f4 d5 4. fxe5 Nxe4 5. d3 Nxc3 6. bxc3 d4 7. Nf3 Nc6 8.
Be2 Bc5 9. O-O dxc3+ 10. Kh1 O-O 11. Qe1 Bg4 12. Bf4 Re8 13. Qg3 Bh5 14. Rae1
Re6 15. Qh3 Bxf3 16. Bxf3 Nd4 17. Be4 h6 18. Re3 Nc6 19. Rg3 g6 20. Bxg6 Rxg6
21. Rxg6+ fxg6 22. Qe6+ Kh8 23. Bxh6 Kh7 24. Bc1 Qd4 25. Rf7+ 1-0

[Event "Ostravský koník 2014 - FIDE Open B"]
[Site "Ostrava, CZE"]
[Date "2014.05.03"]
[Round "8"]
[White "Klimes, Jan"]
[Black "Bartos, Michal"]
[Result "0-1"]
[WhiteElo "1763"]
[BlackElo "1960"]
[PlyCount "78"]

1. e4 e6 2. Nf3 d5 3. exd5 exd5 4. d4 Nf6 5. Nc3 c6 6. Be2 Bd6 7. Ne5 O-O 8.
O-O a6 9. a3 c5 10. Ng4 Bxg4 11. Bxg4 cxd4 12. Qxd4 Nxg4 13. Qxg4 Nc6 14. Bf4
Bxf4 15. Qxf4 d4 16. Ne4 Qd5 17. Rad1 Rae8 18. Ng3 Qb5 19. b3 Qc5 20. Qc1 Re6
21. b4 Qb5 22. Rfe1 Rxe1+ 23. Rxe1 Ne5 24. f4 Nc4 25. Qd1 Ne3 26. Qd3 Qc6 27.
Re2 g6 28. Nf1 Nf5 29. Qe4 Qb6 30. Qd3 Rc8 31. Kh1 Qc6 32. Kg1 Qd6 33. g3 Rc3
34. Qe4 Rxa3 35. Qxb7 Ra1 36. Re8+ Kg7 37. Qe4 Ne3 38. Qe5+ Qxe5 39. Rxe5 Rxf1#
0-1

[Event "Ostravský koník 2014 - FIDE Open B"]
[Site "Ostrava, CZE"]
[Date "2014.05.03"]
[Round "8"]
[White "Koci, Tomas"]
[Black "Lipka, Petr"]
[Result "1-0"]
[WhiteElo "1710"]
[BlackElo "1676"]
[PlyCount "72"]

1. e4 c6 2. d4 d6 3. Nc3 Qc7 4. Nf3 Bg4 5. h3 Bh5 6. Bd3 e5 7. Be3 Nd7 8. Qd2
Ngf6 9. g4 Bg6 10. h4 Nxg4 11. h5 Nxe3 12. Qxe3 Bxh5 13. Rxh5 g6 14. Rh3 h5 15.
d5 Bh6 16. Qe2 Qb6 17. Nd1 Qa5+ 18. c3 cxd5 19. exd5 a6 20. Ne3 Nf6 21. Nd2
Nxd5 22. Nb3 Nxc3 23. Nxa5 Nxe2 24. Kxe2 Bxe3 25. Kxe3 b5 26. Rc1 Kd7 27. Be4
Rac8 28. Rhh1 f5 29. Bd5 h4 30. Rxc8 Kxc8 31. Rg1 Rh6 32. Bf7 h3 33. Rxg6 f4+
34. Ke2 Rxg6 35. Bxg6 h2 36. Be4 Kd7 1-0

[Event "Ostravský koník 2014 - FIDE Open B"]
[Site "Ostrava, CZE"]
[Date "2014.05.03"]
[Round "8"]
[White "Zizka, Radim"]
[Black "Ocko, Dominik"]
[Result "1/2-1/2"]
[WhiteElo "1687"]
[BlackElo "1480"]
[PlyCount "82"]

1. e4 c5 2. Nc3 e6 3. f4 Nc6 4. Nf3 Nf6 5. Bb5 Be7 6. Bxc6 bxc6 7. d3 O-O 8.
O-O Qb6 9. Na4 Qb5 10. c4 Qb7 11. b3 d5 12. e5 Nd7 13. Qe1 f6 14. Qg3 Nb6 15.
Nc3 Bd7 16. Ba3 Be8 17. Qf2 Bg6 18. Qe2 Rf7 19. Nh4 Raf8 20. Nxg6 hxg6 21. Qg4
Qd7 22. Ne2 Kh7 23. Rf3 Rh8 24. Rh3+ Kg8 25. Rxh8+ Kxh8 26. Qxg6 Kg8 27. Rf1
dxc4 28. bxc4 f5 29. Qg3 Na4 30. Qe3 Rf8 31. Qd2 Rd8 32. Rd1 Qb7 33. Qc2 Nb6
34. Kf1 Qa6 35. Bc1 Qb7 36. g3 Qd7 37. Be3 Qe8 38. Nc3 Qh5 39. Qe2 Qh3+ 40. Qg2
Qh5 41. Rd2 g5 1/2-1/2

[Event "Ostravský koník 2014 - FIDE Open B"]
[Site "Ostrava, CZE"]
[Date "2014.05.03"]
[Round "8"]
[White "Sikora, Matous"]
[Black "Hotarek, Jaroslav"]
[Result "1/2-1/2"]
[WhiteElo "1661"]
[BlackElo "1668"]
[PlyCount "73"]

1. e4 e5 2. f4 exf4 3. Nf3 d6 4. Bc4 Be7 5. O-O Be6 6. Bxe6 fxe6 7. d4 Nh6 8.
Bxf4 Nf7 9. e5 d5 10. Qd3 O-O 11. Nbd2 Nd7 12. Ne1 c5 13. c3 Qb6 14. Rb1 cxd4
15. cxd4 Nfxe5 16. Bxe5 Nxe5 17. Rxf8+ Rxf8 18. Qe3 Ng4 19. Qd3 Qd6 20. Nef3
Bg5 21. h3 Be3+ 22. Kf1 Nh2+ 23. Ke2 Nxf3 24. Nxf3 Bf4 25. Rf1 Qb4 26. b3 Qa3
27. Qc2 Qa6+ 28. Kf2 Be3+ 29. Kxe3 Qxf1 30. a4 h6 31. h4 Qa6 32. Ne5 Qd6 33.
Qg6 Rf6 34. Qc2 Qb4 35. Qc8+ Kh7 36. Qc2+ Kg8 37. Qc8+ 1/2-1/2

[Event "Ostravský koník 2014 - FIDE Open B"]
[Site "Ostrava, CZE"]
[Date "2014.05.03"]
[Round "8"]
[White "Vyvial, Patrik"]
[Black "Privoznik, Lubos"]
[Result "1/2-1/2"]
[WhiteElo "1323"]
[BlackElo "1647"]
[PlyCount "78"]

1. e4 e6 2. d4 d5 3. Nc3 Bb4 4. e5 c5 5. Nf3 cxd4 6. Nxd4 Qc7 7. Bd2 Qxe5+ 8.
Nde2 Nf6 9. a3 Ba5 10. f4 Qd6 11. b4 Bb6 12. Ng3 a6 13. Be2 Nc6 14. Rf1 O-O 15.
b5 Nd4 16. Na4 a5 17. Bc3 Nxe2 18. Qxe2 Bd8 19. Bd4 b6 20. Be5 Qe7 21. f5 Bc7
22. fxe6 Bxe5 23. Qxe5 Re8 24. Kd2 Ng4 25. exf7+ Qxf7 26. Rxf7 Rxe5 27. Rc7 Re6
28. Nf5 Re8 29. Ne7+ Kh8 30. Nxc8 Raxc8 31. Rxc8 Rxc8 32. Nxb6 Rb8 33. Nxd5
Rxb5 34. Nc3 Rf5 35. Rb1 h5 36. h3 Rf2+ 37. Kd3 Ne5+ 38. Kd4 Rxc2 39. Kxe5 Rxc3
1/2-1/2

[Event "Ostravský koník 2014 - FIDE Open B"]
[Site "Ostrava, CZE"]
[Date "2014.05.03"]
[Round "8"]
[White "Kubelova, Sona"]
[Black "Krejcok, Tobias"]
[Result "0-1"]
[WhiteElo "1639"]
[BlackElo "1314"]
[PlyCount "66"]

1. d4 Nf6 2. c4 e6 3. Nd2 d5 4. e3 g6 5. b3 Bg7 6. Bb2 Nbd7 7. f3 Qe7 8. e4 O-O
9. Ne2 b6 10. cxd5 exd5 11. e5 Ne8 12. Qc2 c5 13. f4 Bb7 14. Rc1 Rc8 15. Qb1 f6
16. Nf3 fxe5 17. dxe5 Ba6 18. g3 d4 19. h4 Nxe5 20. Nxe5 Bxe5 21. Qe4 Bf6 22.
Qxe7 Bxe7 23. Bh3 Rd8 24. Be6+ Kh8 25. h5 gxh5 26. Rxh5 Ng7 27. Re5 d3 28. Bd5
Bf6 29. Nc3 Bxe5 30. fxe5 d2+ 31. Kxd2 Rf2+ 32. Ke3 Rxb2 33. Rf1 Bxf1 0-1

[Event "Ostravský koník 2014 - FIDE Open B"]
[Site "Ostrava, CZE"]
[Date "2014.05.03"]
[Round "8"]
[White "Laurincova, Kristyna"]
[Black "Machura, Jaroslav"]
[Result "1-0"]
[WhiteElo "1584"]
[BlackElo "1000"]
[PlyCount "79"]

1. e4 e5 2. Nf3 Nc6 3. d4 exd4 4. Nxd4 Bc5 5. Be3 Bxd4 6. Bxd4 Qg5 7. Nc3 d6 8.
Nd5 Kd8 9. f4 Qg6 10. Qd3 Nge7 11. Nxe7 Nxe7 12. O-O-O f5 13. e5 d5 14. Bc5 c6
15. Qa3 Qe6 16. Qg3 g6 17. Qg5 b6 18. Bd6 Kd7 19. Rd3 Bb7 20. Rc3 Nc8 21. Ba3
h6 22. Qg3 b5 23. Qe3 a5 24. Bc5 Qf7 25. Bd3 Ke6 26. Bb6 b4 27. Rb3 Ba6 28. Qc5
Qb7 29. Bxa5 Bxd3 30. Rxd3 Qa6 31. Bxb4 Rb8 32. Rg3 Rg8 33. Ra3 Qb7 34. Rb3 Ra8
35. Ba3 Qc7 36. Rc3 Kd7 37. Re1 Rg7 38. e6+ Kd8 39. Qxc6 Qxf4+ 40. Kb1 1-0

[Event "Ostravský koník 2014 - FIDE Open B"]
[Site "Ostrava, CZE"]
[Date "2014.05.03"]
[Round "8"]
[White "Odstrcil, Lukas"]
[Black "Gresova, Zuzana"]
[Result "0-1"]
[WhiteElo "1220"]
[BlackElo "1550"]
[PlyCount "80"]

1. e4 c5 2. Nf3 e6 3. d4 cxd4 4. Nxd4 Nf6 5. Nc3 Nc6 6. Be3 Bb4 7. Bg5 Qa5 8.
Nxc6 Bxc3+ 9. Bd2 Bxd2+ 10. Qxd2 Qxd2+ 11. Kxd2 bxc6 12. f3 Rb8 13. b3 d5 14.
e5 Nd7 15. f4 f6 16. Re1 Ke7 17. Bd3 Nc5 18. exf6+ gxf6 19. Bf5 Kd6 20. Bh3 e5
21. Bxc8 Rbxc8 22. fxe5+ fxe5 23. Rhf1 Rcf8 24. a3 Rhg8 25. g3 e4 26. Ke3 Ke5
27. Rd1 Ne6 28. c3 c5 29. b4 d4+ 30. cxd4+ cxd4+ 31. Ke2 d3+ 32. Ke3 Nd4 33. a4
Nc2+ 34. Kd2 Kd4 35. b5 Ne3 36. Rxf8 Rxf8 37. Re1 Rf2+ 38. Kc1 d2+ 39. Kb2
dxe1=Q+ 40. Kb3 Qc3# 0-1

[Event "Ostravský koník 2014 - FIDE Open B"]
[Site "Ostrava, CZE"]
[Date "2014.05.03"]
[Round "8"]
[White "Bok, Zdenek"]
[Black "Mica, Marek"]
[Result "0-1"]
[WhiteElo "1502"]
[BlackElo "1369"]
[PlyCount "84"]

1. e4 c5 2. f4 d6 3. Nf3 Nf6 4. c4 Nxe4 5. d3 Nf6 6. Be2 Nc6 7. O-O g6 8. Nc3
Bg7 9. Be3 Ng4 10. Bd2 Nf6 11. a3 Bg4 12. h3 Be6 13. Qc2 O-O 14. Rad1 d5 15. b3
dxc4 16. dxc4 Bf5 17. Qc1 Ne4 18. Nxe4 Bxe4 19. Bc3 Bd4+ 20. Kh1 Bxf3 21. Bxf3
Qb6 22. Bxc6 bxc6 23. Rf3 Rad8 24. Bxd4 cxd4 25. Rfd3 c5 26. Qd2 Rd7 27. b4
Rfd8 28. Rb1 a6 29. Rdb3 e6 30. Qd3 Rc7 31. Qe4 cxb4 32. Rxb4 Qc5 33. Rb8 Rcc8
34. R8b4 Qf5 35. Qxf5 gxf5 36. Kg1 Rc5 37. Kf2 Rd7 38. Ke2 e5 39. fxe5 Rxe5+
40. Kf3 Re3+ 41. Kf4 Kg7 42. Rf1 Rxa3 0-1

[Event "Ostravský koník 2014 - FIDE Open B"]
[Site "Ostrava, CZE"]
[Date "2014.05.03"]
[Round "8"]
[White "Balon, Rene"]
[Black "Szabo, Pavel"]
[Result "1-0"]
[WhiteElo "1759"]
[BlackElo "1720"]
[PlyCount "59"]

1. d4 d5 2. c4 Nf6 3. cxd5 Nxd5 4. Nf3 c6 5. e4 Nf6 6. Nc3 e6 7. a3 Be7 8. Bd3
h6 9. O-O Nbd7 10. Re1 O-O 11. Bc2 Re8 12. e5 Nd5 13. Qd3 Nf8 14. Ne4 b6 15.
Nfd2 f5 16. exf6 Nxf6 17. Qg3 N6h7 18. Nf3 Ng5 19. Bxg5 hxg5 20. Nfxg5 Bxg5 21.
Qxg5 Qxg5 22. Nxg5 Rd8 23. Rad1 Bd7 24. h4 a5 25. Bb3 Rac8 26. Re3 Rc7 27. Rde1
Rdc8 28. h5 b5 29. f4 a4 30. Bc2 1-0

[Event "Ostravský koník 2014 - FIDE Open B"]
[Site "Ostrava, CZE"]
[Date "2014.05.03"]
[Round "8"]
[White "Volcik, Milan"]
[Black "Szotkowski, David"]
[Result "0-1"]
[WhiteElo "1670"]
[BlackElo "1300"]
[PlyCount "38"]

1. e4 Nf6 2. Nc3 d5 3. e5 d4 4. exf6 dxc3 5. fxg7 cxd2+ 6. Bxd2 Bxg7 7. c3 Bf5
8. Qf3 Bg6 9. Qxb7 Nd7 10. Bb5 O-O 11. Qc6 Ne5 12. Qc5 Nd3+ 13. Bxd3 Qxd3 14.
Nf3 Rab8 15. b3 Rb6 16. Nd4 Qe4+ 17. Be3 Qxg2 18. Ke2 Qe4 19. Rad1 e5 0-1

[Event "Ostravský koník 2014 - FIDE Open B"]
[Site "Ostrava, CZE"]
[Date "2014.05.03"]
[Round "8"]
[White "Kocur, Radim"]
[Black "Kopcova, Ludmila"]
[Result "1/2-1/2"]
[WhiteElo "1719"]
[BlackElo "1598"]
[PlyCount "88"]

1. e4 e5 2. Nf3 Nf6 3. Nxe5 d6 4. Nf3 Nxe4 5. d4 d5 6. Bd3 Nc6 7. h3 Bd6 8. O-O
O-O 9. Nbd2 Bf5 10. a3 Qf6 11. Nb3 a5 12. Be3 b6 13. c3 Ne7 14. Qc2 Rfe8 15.
Rad1 Ng6 16. Bxe4 Bxe4 17. Qe2 Nf4 18. Bxf4 Qxf4 19. Ne5 Bxe5 20. dxe5 Rxe5 21.
Qd2 Qxd2 22. Nxd2 Rae8 23. Nxe4 dxe4 24. Rd7 R5e7 25. Rfd1 f5 26. Kf1 Kf7 27.
Ke2 Rxd7 28. Rxd7+ Re7 29. Rd8 h6 30. Ke3 g5 31. g3 Kf6 32. Rh8 Kg7 33. Rd8 Kf7
34. Rh8 Kg7 35. Rd8 Rf7 36. a4 c5 37. Rd6 Rf6 38. Rd5 Kf7 39. c4 Kg6 40. b3 h5
41. h4 gxh4 42. gxh4 Kf7 43. Kf4 Kg6 44. Re5 Rf8 1/2-1/2

[Event "Ostravský koník 2014 - FIDE Open B"]
[Site "Ostrava, CZE"]
[Date "2014.05.03"]
[Round "8"]
[White "Benes, Jaroslav"]
[Black "Carbol, Otmar"]
[Result "1/2-1/2"]
[WhiteElo "1586"]
[BlackElo "1683"]
[PlyCount "37"]

1. e4 d6 2. d4 Nf6 3. Nc3 g6 4. f4 Bg7 5. Nf3 Bg4 6. Be3 c6 7. h3 Bxf3 8. Qxf3
b5 9. a3 Nbd7 10. e5 Nd5 11. Nxd5 cxd5 12. Qxd5 O-O 13. Bd3 dxe5 14. fxe5 Nxe5
15. Be4 Nc4 16. Bf2 Qxd5 17. Bxd5 Rac8 18. Bxc4 Rxc4 19. c3 1/2-1/2

[Event "Ostravský koník 2014 - FIDE Open B"]
[Site "Ostrava, CZE"]
[Date "2014.05.03"]
[Round "8"]
[White "Bosnak, Ondrej"]
[Black "Kopec, Ladislav"]
[Result "1/2-1/2"]
[WhiteElo "1471"]
[BlackElo "1450"]
[PlyCount "117"]

1. d4 d5 2. c4 e6 3. Nf3 Nf6 4. Bg5 Nbd7 5. Nc3 c6 6. a3 Be7 7. e3 O-O 8. Bd3
Re8 9. O-O Nf8 10. Re1 dxc4 11. Bxc4 Ng6 12. Qc2 Bd6 13. Rad1 Qe7 14. e4 e5 15.
d5 c5 16. Nb5 a6 17. Nxd6 Qxd6 18. a4 Bg4 19. Qc3 Rab8 20. h3 Bxf3 21. Qxf3 Nd7
22. b3 b5 23. axb5 axb5 24. Bf1 h6 25. Be3 Nf6 26. Rc1 Rec8 27. g3 Nd7 28. h4
Qe7 29. Bh3 Rc7 30. Red1 Qd6 31. Bxd7 Qxd7 32. Rxc5 Rxc5 33. Bxc5 Rc8 34. b4
Nf8 35. Ra1 Qh3 36. Qf5 Qxf5 37. exf5 Nd7 38. Rc1 Nb6 39. d6 Nd7 40. Kf1 f6 41.
Ke2 Kf7 42. h5 Ke8 43. Ke3 Nb6 44. Ke4 Kd7 45. Ra1 Na4 46. Rc1 Nb6 47. f3 Rc6
48. Rh1 Rc8 49. Re1 Na4 50. Re3 Rc6 51. f4 Nxc5+ 52. bxc5 Rxc5 53. Rd3 exf4 54.
gxf4 Rc6 55. Rb3 Rb6 56. Rb4 Kxd6 57. Rd4+ Ke7 58. Rb4 Kd6 59. Rd4+ 1/2-1/2

[Event "Ostravský koník 2014 - FIDE Open B"]
[Site "Ostrava, CZE"]
[Date "2014.05.03"]
[Round "8"]
[White "Haska, Filip"]
[Black "Frank, Adam"]
[Result "1-0"]
[WhiteElo "1380"]
[BlackElo "1417"]
[PlyCount "48"]

1. e4 e5 2. Nf3 Nc6 3. Nc3 Nf6 4. d4 exd4 5. Nxd4 Bc5 6. Be3 Bb6 7. f3 Qe7 8.
Bb5 Nxd4 9. Bxd4 c6 10. Bc4 O-O 11. O-O Qe5 12. Bf2 Bc7 13. g3 Bb6 14. Qd2
Bxf2+ 15. Rxf2 b5 16. Bb3 a5 17. a4 b4 18. Ne2 Qxb2 19. Rb1 Qe5 20. Qf4 Qxf4
21. Nxf4 g5 22. Nd3 g4 23. e5 Nd5 24. fxg4 Ne3 1-0

[Event "Ostravský koník 2014 - FIDE Open B"]
[Site "Ostrava, CZE"]
[Date "2014.05.03"]
[Round "8"]
[White "Soukup, Ondrej"]
[Black "Neumann, Filip"]
[Result "1/2-1/2"]
[WhiteElo "1250"]
[BlackElo "1370"]
[PlyCount "47"]

1. d4 d5 2. Nc3 Bf5 3. Bf4 c6 4. e3 e6 5. Bd3 Bxd3 6. cxd3 Bd6 7. Bxd6 Qxd6 8.
Nf3 Ne7 9. Rc1 Nd7 10. O-O O-O 11. Re1 Rfe8 12. e4 Nf8 13. Ng5 h6 14. Nf3 Nfg6
15. Qe2 Rad8 16. a3 Nf4 17. Qe3 Nfg6 18. b4 Qf4 19. Qxf4 Nxf4 20. Red1 b5 21.
Kf1 Kh7 22. Ne2 Nxe2 23. Kxe2 Ra8 24. Ne5 1/2-1/2

[Event "Ostravský koník 2014 - FIDE Open B"]
[Site "Ostrava, CZE"]
[Date "2014.05.03"]
[Round "8"]
[White "Opela, Radek"]
[Black "Vantuch, Lucian"]
[Result "1-0"]
[WhiteElo "1329"]
[BlackElo "1334"]
[PlyCount "85"]

1. e4 c5 2. Nf3 d6 3. d4 cxd4 4. Nxd4 Nf6 5. Nc3 g6 6. Be3 Bg7 7. f3 O-O 8. Qd2
Re8 9. O-O-O Nc6 10. Bc4 Bd7 11. Bb3 Na5 12. h4 Nxb3+ 13. cxb3 Rc8 14. Kb1 b5
15. Ncxb5 Rb8 16. Nc3 Qc7 17. Bh6 Bh8 18. h5 Nxh5 19. Rxh5 Bxd4 20. Qxd4 e5 21.
Qxd6 Qxd6 22. Rxd6 gxh5 23. Rxd7 a6 24. Nd5 Re6 25. Ne7+ Kh8 26. Nf5 Kg8 27.
Bg5 Ra8 28. Nh6+ Kg7 29. Nxf7 Kg6 30. Be3 Rae8 31. Ng5 R8e7 32. Nxe6 Rxd7 33.
Nf8+ Kf7 34. Nxd7 Ke7 35. Nxe5 Kf6 36. f4 h6 37. Nd7+ Kg7 38. f5 h4 39. f6+ Kg6
40. e5 Kf7 41. Bc5 Ke6 42. Kc2 h5 43. Nf8+ 1-0

[Event "Ostravský koník 2014 - FIDE Open B"]
[Site "Ostrava, CZE"]
[Date "2014.05.03"]
[Round "8"]
[White "simon, David"]
[Black "Prokop, Tomas"]
[Result "1-0"]
[WhiteElo "1250"]
[BlackElo "1866"]
[PlyCount "77"]

1. c4 Nf6 2. g3 c5 3. Bg2 Nc6 4. Nc3 e6 5. e4 d6 6. Nge2 Be7 7. d3 a6 8. a4 Rb8
9. O-O O-O 10. Be3 e5 11. Qd2 Nd4 12. Bxd4 cxd4 13. Nd5 Nxd5 14. cxd5 f5 15. f4
fxe4 16. Bxe4 Bh3 17. Bg2 Bxg2 18. Kxg2 b5 19. a5 b4 20. Rfc1 Rb5 21. Rc6 Rxa5
22. Rxa6 Rxa1 23. Rxa1 Qb6 24. Rf1 Qb5 25. Rf3 b3 26. f5 Qxd5 27. g4 Rc8 28.
Kf2 Rc2 29. f6 gxf6 30. Qb4 e4 31. Rf5 e3+ 32. Kg3 Qh1 33. Qxb3+ Kg7 34. Qxc2
Qe1+ 35. Kg2 Qh4 36. h3 h5 37. Ng3 hxg4 38. Rh5 gxh3+ 39. Kf3 1-0